| 000 | 00680nam a22002297a 4500 | ||
|---|---|---|---|
| 999 |
_c3934 _d3934 |
||
| 003 | AR-CdUCM | ||
| 008 | 190307b ||||| |||| 00| 0 spa d | ||
| 040 |
_aMUNICIPALIDAD PROVINCIAL DEL CUSCO _cBIBLIOTECA MUNICIPAL DEL CUSCO |
||
| 082 |
_a808.83 / _bD44 |
||
| 100 |
_aDefoe, Daniel _912599 |
||
| 245 | _aRobinson Crusoe / | ||
| 260 |
_aBarcelona : _bSalvat Editores, _c1969. |
||
| 300 |
_a225 paginas ; _c18cm. |
||
| 440 |
_aLibro RTV _n23 _912600 |
||
| 500 | _aCon colaboración de Alianza Editorial | ||
| 650 |
_aNovelas EspaƱolas _91032 |
||
| 650 |
_aLiteratura _983 |
||
| 650 |
_aSiglo XX _98 |
||
| 700 |
_aPerucho, Juan _912601 |
||
| 942 |
_2ddc _cLIBROS |
||
| 945 | _apjha | ||